Eljegyzések

Správy o zásnubách: * Martina (Márton) Adlera z Humenného so Serenou (Szerén) Blum z Medzilaboriec; * Maximiliána (Miksa) Winklera, vedúceho predajcu firmy na drevospracovanie"Stromayer" z Kamenice nad Cirochou s Gizelou (Gizike) Grosz zo Stredy nad Bodrogom.

Podrobná bibliografia
Médium: Článok
Jazyk:Hungarian
Témy:
Zdroj: 1. Homonna és Vidéke : Hetilap 1. Roč. 13, č. 16 (13.04.1913) s. 2
LEADER 01318nab#a2200361#ar4500
001 000071909
003 SVKKK
005 20011120xxxxxxx.
008 06 c xo huno
FMT
038 |a SVKKK 
040 |a SVKKK  |b slo  |e AACR2 
041 0 |a hun 
044 |a xo  |c SK 
080 |a 392 
242 1 0 |a Zásnuby 
245 0 0 |a Eljegyzések 
500 |a mikrofilm 
520 2 |a Správy o zásnubách: * Martina (Márton) Adlera z Humenného so Serenou (Szerén) Blum z Medzilaboriec; * Maximiliána (Miksa) Winklera, vedúceho predajcu firmy na drevospracovanie"Stromayer" z Kamenice nad Cirochou s Gizelou (Gizike) Grosz zo Stredy nad Bodrogom. 
650 0 4 |a Winkler, Maximilián (obchodník) - Kamenica nad Cirochou (pôsobenie) - Grosz, Gizela (snúbenica) - Streda nad Bodrogom (Tv) - apríl 1914 - správy 
650 0 4 |a zásnuby - Adler, Martin (?) - Humenné (pôsobenie) - Blum, Serena (snúbenica) - Medzilaborce 
773 0 |t Homonna és Vidéke : Hetilap  |g Roč. 13, č. 16 (13.04.1913) s. 2 
957 |a Bodrogszerdahely pozri Streda nad Bodrogom 
957 |a Humenné 
957 |a Kamenica nad Cirochou 
957 |a Medzilaborce 
957 |a Streda nad Bodrogom 
958 |a DG 
958 |a SK 
974 |a Ba  |d 20011120 
992 |a RBX 
BAS
998 |a RETRO